[Event "POHÁR města Říčany 2021"]
[Site "Městské kulturní středisko U labutě"]
[Date "2021.08.25"]
[Round "6.16"]
[White "Hejsek, Lukas"]
[Black "Nentvich, Libor"]
[Result "1-0"]
[WhiteElo "1906"]
[BlackElo "1771"]
[PlyCount "0"]
[EventDate "2021.08.21"]

1. d4 Nf6 2. Nf3 g6 3. c4 Bg7 4. g3 c6 5. Bg2 O-O 6. O-O d5 7. Qb3 dxc4 8. Nc3
Nbd7 9. Qxc4 Nb6 10. Qd3 Nfd5 11. e4 Nxc3 12. bxc3 Be6 13. Rd1 Bc4 14. Qc2 f5
15. a4 fxe4 16. Ng5 Bd5 17. Bxe4 Bxe4 18. Qxe4 Qd5 19. Qe6+ Qxe6 20. Nxe6 Rf3
21. Be3 Nd5 22. Rd3 Nxe3 23. Rxe3 Rxe3 24. fxe3 Bh6 25. e4 Kf7 26. Nc5 b6
27. Rf1+ Ke8 28. Ne6 Kd7 29. d5 cxd5 30. exd5 Kd6 31. Rf7 Be3+ 32. Kf1 Rc8
33. Rxh7 Rxc3 34. Nf8 Ra3 35. Nxg6 Bg5 36. h4 1-0

[Event "POHÁR města Říčany 2021"]
[Site "Městské kulturní středisko U labutě"]
[Date "2021.08.25"]
[Round "6.17"]
[White "Skala, Jaromir"]
[Black "Konvalinka, Vladislav"]
[Result "1/2-1/2"]
[WhiteElo "1887"]
[BlackElo "1718"]
[PlyCount "0"]
[EventDate "2021.08.21"]

1. d4 d5 2. c4 c6 3. Nc3 Nf6 4. Nf3 dxc4 5. a4 Bf5 6. e3 Na6 7. Bxc4 Nb4 8. O-O
e6 9. Qe2 Be7 10. e4 Bg4 11. Be3 O-O 12. Rfd1 Qc7 13. e5 Nfd5 14. Rac1 Rfd8
15. Ne4 a5 16. Neg5 h6 17. h3 Bxf3 18. Qxf3 Qb6 19. Ne4 Nxe3 20. Qxe3 Nd5
21. Qb3 1/2-1/2

[Event "POHÁR města Říčany 2021"]
[Site "Městské kulturní středisko U labutě"]
[Date "2021.08.25"]
[Round "6.19"]
[White "Strnad, Michael"]
[Black "Feierfeil, Jiri"]
[Result "1/2-1/2"]
[WhiteElo "1868"]
[BlackElo "1623"]
[PlyCount "0"]
[EventDate "2021.08.21"]

1. e4 c5 2. d4 cxd4 3. c3 dxc3 4. Nxc3 a6 5. Nf3 d6 6. Bc4 e6 7. O-O Be7 8. Qe2
Nc6 9. Rd1 Qc7 10. Bf4 Ne5 11. Bb3 Bd7 12. Rac1 Qb8 13. a4 Nf6 14. a5 O-O
15. Rd2 Nxf3+ 16. Qxf3 b5 17. Bg5 Rd8 18. e5 dxe5 19. Bxf6 Bxf6 20. Ne4 Be7
21. Rcd1 Be8 22. Rxd8 Bxd8 23. Nd6 Bf6 24. Bc2 Be7 25. g3 Ra7 26. Nxe8 Qxe8
27. Qe4 g6 28. Qxe5 Qc8 29. Bb3 Qc7 30. Qe3 Qc5 31. Qf4 Rc7 32. h4 h5 33. Qe4
Qc6 34. Qe5 Qc5 35. Qe4 Rc6 36. Rd7 Bf6 37. Qf3 Kg7 38. Qe4 Rd6 39. Bxe6 Rxd7
40. Bxd7 Qc1+ 41. Kg2 Qc4 1/2-1/2

[Event "POHÁR města Říčany 2021"]
[Site "Městské kulturní středisko U labutě"]
[Date "2021.08.25"]
[Round "6.20"]
[White "Pavlicek, Petr"]
[Black "Rucabado, Stefan"]
[Result "1/2-1/2"]
[WhiteElo "1863"]
[BlackElo "1549"]
[PlyCount "0"]
[EventDate "2021.08.21"]

1. d4 Nf6 2. c4 g6 3. Nc3 Bg7 4. e4 d6 5. g3 O-O 6. Nf3 e5 7. Bg2 Nc6 8. d5 Nb8
9. O-O a5 10. h3 Na6 11. Be3 Nd7 12. Ne1 f5 13. Nd3 Ndc5 14. exf5 gxf5 15. f4
Qe7 16. Re1 Bd7 17. Rb1 e4 18. Nc1 Nb4 19. Bf1 Bxc3 20. bxc3 Ba4 21. Qd2 Nc2
22. Re2 Nxe3 23. Rxe3 Rf7 24. Nb3 Nxb3 25. axb3 Bd7 26. Ra1 Rg7 27. Kh2 h5
28. h4 1/2-1/2

[Event "POHÁR města Říčany 2021"]
[Site "Městské kulturní středisko U labutě"]
[Date "2021.08.25"]
[Round "6.21"]
[White "Bezdek, Tomas"]
[Black "Hrbek, Tomas"]
[Result "1-0"]
[WhiteElo "1644"]
[BlackElo "1833"]
[PlyCount "0"]
[EventDate "2021.08.21"]

1. e4 e5 2. Nf3 Nc6 3. Bc4 Bc5 4. b4 Bxb4 5. c3 Be7 6. d4 exd4 7. O-O Nf6 8. e5
Ne4 9. cxd4 d5 10. exd6 Nxd6 11. Bb3 O-O 12. Bb2 Bf5 13. Ne5 Nxe5 14. dxe5 Ne4
15. Qf3 Bg6 16. Rd1 Qc8 17. Nd2 Nc5 18. Bc4 Qf5 19. Qe3 b6 20. Nb3 Qc2 21. Qe2
Nxb3 22. axb3 Rfd8 23. Rxd8+ Rxd8 24. Qxc2 Bxc2 25. Rxa7 Bxb3 26. Bxb3 Rd2
27. Ra8+ Bd8 28. Bc4 Rc2 1-0

[Event "POHÁR města Říčany 2021"]
[Site "Městské kulturní středisko U labutě"]
[Date "2021.08.25"]
[Round "6.22"]
[White "Pressler, Tobias"]
[Black "Pisar, Tomas"]
[Result "0-1"]
[WhiteElo "1772"]
[BlackElo "1528"]
[PlyCount "0"]
[EventDate "2021.08.21"]

1. e4 e5 2. Nf3 Nc6 3. Bc4 Nf6 4. Ng5 d5 5. exd5 Na5 6. Bb5+ Bd7 7. Bxd7+ Qxd7
8. O-O h6 9. Nf3 e4 10. Ne5 Qxd5 11. d4 exd3 12. Nc3 Qd8 13. cxd3 Bd6 14. Qa4+
c6 15. Re1 O-O 16. b4 Bxe5 17. Rxe5 Qxd3 18. Bd2 Nc4 19. Rd1 Nb2 {necitelnost}
0-1

[Event "POHÁR města Říčany 2021"]
[Site "Městské kulturní středisko U labutě"]
[Date "2021.08.25"]
[Round "6.23"]
[White "Danhel, Lukas"]
[Black "Papousek, Michal"]
[Result "1/2-1/2"]
[WhiteElo "1902"]
[BlackElo "1689"]
[PlyCount "0"]
[EventDate "2021.08.21"]

1. g3 g6 2. Bg2 Bg7 3. c4 e6 4. Nf3 Ne7 5. O-O O-O 6. d4 d5 7. e3 b6 8. cxd5
exd5 9. Nc3 Bb7 10. b3 Nd7 11. Ba3 Re8 12. Qd2 c6 13. Rfc1 Rc8 14. Rc2 Nf6
15. Ne5 Nf5 16. Nd3 Nd6 17. Bxd6 Qxd6 18. Rac1 Ne4 1/2-1/2

[Event "POHÁR města Říčany 2021"]
[Site "Městské kulturní středisko U labutě"]
[Date "2021.08.25"]
[Round "6.24"]
[White "Chmelik, Ladislav"]
[Black "Bartos, Vaclav"]
[Result "0-1"]
[WhiteElo "1732"]
[BlackElo "1879"]
[PlyCount "0"]
[EventDate "2021.08.21"]

1. e4 c5 2. Nf3 e6 3. Nc3 Nc6 4. d4 cxd4 5. Nxd4 Bc5 6. Be3 Qb6 7. Na4 Qa5+
8. c3 Bxd4 9. Bxd4 Nxd4 10. Qxd4 e5 11. Qd1 Nf6 12. Qc2 O-O 13. Be2 d6 14. b4
Qc7 15. O-O Bd7 16. Nb2 Rac8 17. c4 b5 18. Rac1 Qb7 19. a3 Nxe4 20. Bf3 d5
21. Bxe4 dxe4 22. c5 Bc6 23. Nd1 Rcd8 24. Ne3 Qc8 25. Rcd1 Rd4 26. Rd2 Rfd8
27. Rfd1 Qd7 28. Nf1 f5 29. Qb3+ Kh8 30. Qe3 f4 31. Rxd4 exd4 32. Qxf4 Kg8
33. Ng3 Qe6 34. Nf5 Qf6 35. Qh4 Qxh4 36. Nxh4 g6 37. g3 Kf7 38. Ng2 Ke6 39. Kf1
Kd5 40. Ne3+ Ke5 41. Ng4+ Kf5 42. Ne3+ Ke6 43. Ke2 d3+ 44. Kd2 0-1

[Event "POHÁR města Říčany 2021"]
[Site "Městské kulturní středisko U labutě"]
[Date "2021.08.25"]
[Round "6.25"]
[White "Le, Anh Dung"]
[Black "Tichy, Tomas"]
[Result "1-0"]
[WhiteElo "1779"]
[BlackElo "1513"]
[PlyCount "0"]
[EventDate "2021.08.21"]

1. e4 c5 2. Nf3 Nc6 3. d4 cxd4 4. Nxd4 Nf6 5. Nc3 e5 6. Ndb5 d6 7. Nd5 Nxd5
8. exd5 Ne7 9. c4 Ng6 10. Qa4 Bd7 11. Qb4 Qb8 12. h4 h5 13. Bd3 f5 14. Bg5 a6
15. Nc3 Be7 16. Bxe7 Nxe7 17. O-O-O O-O 18. c5 dxc5 19. Qxc5 Qd8 20. Kb1 Rc8
21. Qd6 e4 22. Be2 Rf6 23. Qe5 Ng6 24. Qg3 f4 25. Qg5 Bf5 26. Ka1 Rxc3 27. bxc3
Qa5 28. Rc1 Qa3 29. Bc4 Ne5 30. Bb3 Nd3 31. Rb1 Qa5 32. d6+ Kf8 33. Rhc1 Nxc1
34. Rxc1 Qa3 35. Rd1 Qc5 36. d7 Qxc3+ 37. Kb1 Bxd7 38. Rxd7 Qe1+ 39. Rd1 Qxf2
40. Qd5 Qb6 41. Qg8+ Ke7 42. Qxg7+ Ke8 43. Qh8+ Ke7 44. Qh7+ Kf8 45. Qg8+ Ke7
46. Qg7+ Ke8 47. Qd7+ Kf8 48. Qc8+ Kg7 49. Qg8+ Kh6 50. Qg5+ Kh7 51. Rd7+ Kh8
52. Qg8# 1-0

[Event "POHÁR města Říčany 2021"]
[Site "Městské kulturní středisko U labutě"]
[Date "2021.08.25"]
[Round "6.26"]
[White "Vit, Zdenek"]
[Black "Kubice, Jakub"]
[Result "1/2-1/2"]
[WhiteElo "1726"]
[BlackElo "1776"]
[PlyCount "0"]
[EventDate "2021.08.21"]

1. e4 e5 2. Nf3 Nf6 3. Nxe5 d6 4. Nf3 Nxe4 5. d4 d5 6. Bd3 Bd6 7. O-O O-O
8. Nc3 Nxc3 9. bxc3 Bg4 10. Re1 c6 11. h3 Bh5 12. Bd2 Nd7 13. c4 dxc4 14. Bxc4
b5 15. Be2 Nb6 16. Ba5 Re8 17. c4 bxc4 18. Rc1 Bc7 19. Ne5 Bxe2 20. Rxe2 Rxe5
21. dxe5 Qd5 22. Bc3 h6 23. Rd2 Qc5 24. Qg4 1/2-1/2

[Event "POHÁR města Říčany 2021"]
[Site "Městské kulturní středisko U labutě"]
[Date "2021.08.25"]
[Round "6.27"]
[White "Jankovsky, Zbynek"]
[Black "Seidl, Jan"]
[Result "0-1"]
[WhiteElo "1564"]
[BlackElo "1768"]
[PlyCount "0"]
[EventDate "2021.08.21"]

1. e4 c6 2. c4 d5 3. cxd5 cxd5 4. e5 Nc6 5. d4 Bf5 6. Nf3 e6 7. Bd3 Bg6 8. O-O
Nge7 9. Nh4 Bxd3 10. Qxd3 Ng6 11. Nxg6 hxg6 12. h3 Qh4 13. f4 Bb4 14. Nc3 O-O
15. Bd2 Bxc3 16. Bxc3 a6 17. a4 Rfb8 18. b4 Qe7 19. Rfb1 a5 20. bxa5 Nxa5
21. Bb4 Qd7 22. Bd6 Rc8 23. Rb4 Nc4 24. Bc5 Rcb8 25. h4 Qc6 26. Qb3 Ra5 27. Bd6
Nxd6 28. Qb2 Nf5 29. Rb5 Qa6 30. Kf2 Rc8 31. g4 0-1

[Event "POHÁR města Říčany 2021"]
[Site "Městské kulturní středisko U labutě"]
[Date "2021.08.25"]
[Round "6.28"]
[White "Mach, Jan"]
[Black "Bruna, Matous"]
[Result "1/2-1/2"]
[WhiteElo "1742"]
[BlackElo "1623"]
[PlyCount "0"]
[EventDate "2021.08.21"]

1. d4 Nf6 2. c4 e6 3. Nf3 b6 4. g3 Bb7 5. Bg2 Bb4+ 6. Bd2 Be7 7. Nc3 d5 8. O-O
O-O 9. Re1 Ne4 10. Bf4 g5 11. Bc1 Nc6 12. cxd5 exd5 13. e3 Qd6 14. Nd2 f5
15. Ndxe4 fxe4 16. f3 exf3 17. Bxf3 Na5 18. b3 Rad8 19. Bb2 Bf6 20. Qe2 a6
21. Rac1 Rfe8 22. Qf2 Bg7 23. Qg2 Qd7 1/2-1/2

[Event "POHÁR města Říčany 2021"]
[Site "Městské kulturní středisko U labutě"]
[Date "2021.08.25"]
[Round "6.29"]
[White "Zvolensky, David"]
[Black "Petras, Milan"]
[Result "1-0"]
[WhiteElo "2136"]
[BlackElo "1938"]
[PlyCount "0"]
[EventDate "2021.08.21"]

1. d4 Nf6 2. c4 e5 3. dxe5 Ng4 4. Nf3 Nc6 5. Bf4 Bb4+ 6. Nbd2 Qe7 7. a3 Ngxe5
8. Nxe5 Nxe5 9. e3 Bxd2+ 10. Qxd2 d6 11. Be2 a5 12. O-O a4 13. Rac1 Bd7 14. c5
Bc6 15. cxd6 cxd6 16. Rfd1 Rd8 17. Qb4 g5 18. Bg3 h5 19. Bb5 Rh6 20. Qxa4 Rc8
21. Bxe5 dxe5 22. Bxc6+ Rhxc6 23. Rxc6 bxc6 24. Qa6 Qe6 25. b4 Rd8 26. Rxd8+
Kxd8 27. Qa5+ Kd7 28. Qa7+ Kc8 29. Qc5 Kd7 30. Qc2 h4 31. h3 f5 32. a4 e4 33. a5
Qd5 34. Qc5 Qxc5 35. bxc5 Kc7 36. f4 gxf4 37. exf4 Kb7 38. g3 hxg3 39. h4 Ka6
40. h5 e3 41. Kf1 Kb5 42. h6 Kc4 43. h7 g2+ 44. Kxg2 Kd3 45. h8=Q 1-0

[Event "POHÁR města Říčany 2021"]
[Site "Městské kulturní středisko U labutě"]
[Date "2021.08.25"]
[Round "6.30"]
[White "Kalvach, Ladislav"]
[Black "Svetly, Jiri"]
[Result "0-1"]
[WhiteElo "1771"]
[BlackElo "1852"]
[PlyCount "0"]
[EventDate "2021.08.21"]

1. Nf3 Nf6 2. c4 d6 3. d4 g6 4. b3 Bg7 5. Nc3 O-O 6. e4 Nbd7 7. Bd3 e5 8. d5
Nc5 9. Qc2 a5 10. Be3 Nh5 11. O-O-O b6 12. g4 Nf4 13. Bxf4 exf4 14. Nd4 Bd7
15. b4 a4 16. Kb1 Qc8 17. f3 h6 18. Ncb5 Be5 19. Bf1 Qb7 20. Rg1 Rfc8 21. Nf5
gxf5 22. exf5 Kf8 23. g5 Ra7 {nespravne yapsano} 0-1

[Event "POHÁR města Říčany 2021"]
[Site "Městské kulturní středisko U labutě"]
[Date "2021.08.25"]
[Round "6.31"]
[White "Vorackova, Jarmila"]
[Black "Vilimova, Julie"]
[Result "1/2-1/2"]
[WhiteElo "1802"]
[BlackElo "1805"]
[PlyCount "0"]
[EventDate "2021.08.21"]

1. d4 Nf6 2. c4 c5 3. d5 b5 4. cxb5 a6 5. Nc3 axb5 6. e3 b4 7. Nb5 d6 8. Bc4 g6
9. Nf3 Bg7 10. O-O O-O 11. a3 Nbd7 12. Rb1 Nb6 13. b3 Bf5 14. Bd3 Bxd3 15. Qxd3
Nfxd5 16. e4 bxa3 17. Bxa3 Nc3 18. Nxc3 Rxa3 19. Nd5 Nxd5 20. exd5 Qd7 21. Rfe1
Rb8 22. Nd2 Qb7 23. h4 Ra7 24. Re4 Qb5 25. Qh3 Qd7 26. Qf3 Rb4 27. Rxb4 cxb4
28. h5 Ra5 29. Nc4 Rc5 30. hxg6 hxg6 31. Re1 Bf6 32. g4 1/2-1/2

[Event "POHÁR města Říčany 2021"]
[Site "Městské kulturní středisko U labutě"]
[Date "2021.08.25"]
[Round "6.32"]
[White "Koper, Stefan"]
[Black "Blazek, Miroslav"]
[Result "1-0"]
[WhiteElo "1827"]
[BlackElo "1801"]
[PlyCount "0"]
[EventDate "2021.08.21"]

1. d4 e6 2. c4 d5 3. Nf3 Nf6 4. Bg5 Be7 5. Nc3 O-O 6. cxd5 Nxd5 7. Bxe7 Qxe7
8. e4 Nxc3 9. bxc3 c5 10. Be2 cxd4 11. cxd4 Qb4+ 12. Qd2 Qxd2+ 13. Kxd2 Bd7
14. Ke3 Bc6 15. Ne5 f6 16. Nxc6 Nxc6 17. f4 Rfd8 18. Rhd1 e5 19. fxe5 fxe5
20. d5 Nd4 21. Bd3 b5 22. Rdb1 Rab8 23. Rb4 a5 24. Rxd4 exd4+ 25. Kxd4 b4 26. e5
Rbc8 27. d6 Rc3 28. Be4 Kf7 29. Bd5+ Ke8 30. Rf1 Rc2 31. Bb3 Rd2+ 32. Ke3 Rxg2
33. Ba4+ Rd7 34. e6 Rxh2 35. Bxd7+ Kd8 36. Rf8# 1-0

[Event "POHÁR města Říčany 2021"]
[Site "Městské kulturní středisko U labutě"]
[Date "2021.08.25"]
[Round "6.33"]
[White "Cabart, Pavel"]
[Black "Pejrimovska, Viola Ruby"]
[Result "1-0"]
[WhiteElo "1700"]
[BlackElo "1773"]
[PlyCount "0"]
[EventDate "2021.08.21"]

1. e4 c5 2. Nf3 Nc6 3. d4 cxd4 4. Nxd4 Nf6 5. Nc3 e5 6. Ndb5 d6 7. Bg5 a6
8. Na3 b5 9. Nd5 Be7 10. Bxf6 Bxf6 11. c3 O-O 12. Nc2 Bg5 13. a4 bxa4 14. Rxa4
Kh8 15. h4 Be7 16. Nxe7 Nxe7 17. Nb4 Bb7 18. Nd5 f5 19. Nxe7 Qxe7 20. Bd3 d5
21. exd5 Bxd5 22. O-O Bb7 23. Qe2 e4 24. Bxa6 f4 25. Qb5 e3 26. Bxb7 Rxa4
27. Qxa4 e2 28. Re1 Qxb7 29. Rxe2 Qf7 30. Qc4 h6 1-0

[Event "POHÁR města Říčany 2021"]
[Site "Městské kulturní středisko U labutě"]
[Date "2021.08.25"]
[Round "6.34"]
[White "Kacirek, Pavel"]
[Black "Kleprlik, Jan"]
[Result "1-0"]
[WhiteElo "1718"]
[BlackElo "1533"]
[PlyCount "0"]
[EventDate "2021.08.21"]

1. d4 d5 2. c4 e6 3. Nc3 Nf6 4. Nf3 c6 5. e3 b6 6. Be2 Be7 7. a3 Bb7 8. b4 dxc4
9. Bxc4 Nd5 10. Nxd5 cxd5 11. Bd3 Nd7 12. Bb2 O-O 13. O-O a6 14. Qb3 b5 15. a4
Qb6 16. a5 Qd6 17. Bc3 Rfc8 18. Rfc1 Rc7 19. Rc2 Rac8 20. Rac1 Bf6 21. h3 e5
22. dxe5 Nxe5 23. Bxe5 Bxe5 24. Nxe5 Qxe5 25. Rxc7 Rxc7 26. Rxc7 Qxc7 27. Qc2
Qxc2 28. Bxc2 g6 29. Kf1 f5 30. Ke2 Kf7 31. Kd3 Ke6 32. Kd4 Kd6 33. f3 h5 34. g4
Bc8 35. gxf5 gxf5 36. h4 Bd7 37. e4 fxe4 38. fxe4 dxe4 39. Bxe4 Bc6 40. Bxc6
Kxc6 41. Ke5 Kc7 42. Kf5 Kc6 43. Kg5 Kd5 1-0

[Event "POHÁR města Říčany 2021"]
[Site "Městské kulturní středisko U labutě"]
[Date "2021.08.25"]
[Round "6.35"]
[White "Chon, Jeremy"]
[Black "Hampel, Rudolf"]
[Result "1/2-1/2"]
[WhiteElo "1454"]
[BlackElo "1593"]
[PlyCount "0"]
[EventDate "2021.08.21"]

1. Nf3 Nc6 2. d4 d5 3. e3 Nf6 4. c4 e6 5. Nc3 Be7 6. Bd3 dxc4 7. Bxc4 b6 8. O-O
Bb7 9. Qe2 O-O 10. Bd2 a6 11. a3 Qd7 12. Rfd1 b5 13. Ba2 Rad8 14. Rac1 Bd6
15. b4 Rfe8 16. e4 e5 17. d5 Ne7 18. Bg5 Ng6 19. Nh4 h6 20. Bxf6 gxf6 21. Nf5
Kh7 22. Qh5 Bf8 23. Ne2 Bg7 24. d6 Bxe4 25. Nxg7 Kxg7 26. g3 Bb7 27. Nc3 Bc8
28. Ne4 Nf4 1/2-1/2

[Event "POHÁR města Říčany 2021"]
[Site "Městské kulturní středisko U labutě"]
[Date "2021.08.26"]
[Round "7.1"]
[White "Rut, Vojtech"]
[Black "Petr, Jakub"]
[Result "0-1"]
[WhiteElo "2061"]
[BlackElo "2236"]
[PlyCount "0"]
[EventDate "2021.08.21"]

1. e4 e5 2. d4 exd4 3. Nf3 Nc6 4. Bc4 Bc5 5. c3 Nf6 6. O-O d6 7. cxd4 Bb6 8. h3
O-O 9. d5 Ne7 10. Nc3 Ng6 11. Bb3 Re8 12. Bc2 Bd7 13. Nd4 Qe7 14. Be3 Qe5
15. Qd2 Ba5 16. Rae1 Nh5 17. f4 Qf6 18. f5 Ne5 19. Bb3 c5 20. Nde2 Qd8 21. g4
Nf6 22. Ng3 Bb5 23. g5 Nfd7 24. f6 Bxf1 25. Rxf1 g6 26. h4 c4 27. Bd1 Bb6
28. Bxb6 Qxb6+ 29. Kh1 Nd3 30. b3 Qd4 31. h5 N7e5 32. hxg6 fxg6 33. Qh2 Nf7 0-1

[Event "POHÁR města Říčany 2021"]
[Site "Městské kulturní středisko U labutě"]
[Date "2021.08.26"]
[Round "7.2"]
[White "Taborsky, Rostislav"]
[Black "Skypala, Ondrej"]
[Result "1-0"]
[WhiteElo "2090"]
[BlackElo "2158"]
[PlyCount "0"]
[EventDate "2021.08.21"]

1. d4 Nf6 2. c4 g6 3. Nc3 Bg7 4. e4 d6 5. Be2 O-O 6. Bg5 h6 7. Be3 e5 8. d5 Na6
9. Qd2 Nc5 10. f3 Nh5 11. g3 Kh7 12. O-O-O f5 13. exf5 gxf5 14. Bxc5 dxc5 15. f4
Nf6 16. fxe5 Ne4 17. Qf4 Nxc3 18. bxc3 Qe8 19. Nf3 Qa4 20. Kb2 a5 21. Bd3 Ra6
22. Rhe1 c6 23. Ka1 Bd7 24. Rb1 Qa3 25. Rb3 Qa4 26. Rxb7 cxd5 27. cxd5 c4
28. Qxc4 1-0

[Event "POHÁR města Říčany 2021"]
[Site "Městské kulturní středisko U labutě"]
[Date "2021.08.26"]
[Round "7.3"]
[White "Vitak, Jiri"]
[Black "Placer, Sebastian"]
[Result "1/2-1/2"]
[WhiteElo "2221"]
[BlackElo "2129"]
[PlyCount "0"]
[EventDate "2021.08.21"]

1. d4 Nf6 2. c4 e6 3. g3 d5 4. Nf3 dxc4 5. Qa4+ Nc6 6. Qxc4 Qd5 7. Qxd5 exd5
8. Bg2 Bg4 9. Be3 Bb4+ 10. Nbd2 O-O-O 11. h3 Bh5 12. a3 Bxd2+ 13. Nxd2 Rhe8
14. Rc1 Bg6 15. Bf4 Nh5 16. Nf3 Nxf4 1/2-1/2

[Event "POHÁR města Říčany 2021"]
[Site "Městské kulturní středisko U labutě"]
[Date "2021.08.26"]
[Round "7.4"]
[White "Novotny, Martin"]
[Black "Horak, Jan"]
[Result "1/2-1/2"]
[WhiteElo "2097"]
[BlackElo "2143"]
[PlyCount "0"]
[EventDate "2021.08.21"]

1. Nf3 e6 2. g3 b6 3. Bg2 Bb7 4. O-O Nf6 5. c4 Be7 6. d4 O-O 7. Nc3 c5 8. d5
exd5 9. cxd5 d6 10. Nd2 a6 11. a4 b5 12. axb5 axb5 13. Rxa8 Bxa8 14. e4 Qb6
15. Qb3 b4 16. Nc4 Qa6 17. Nb1 Nbd7 18. Nbd2 Nb6 19. Re1 Nfd7 20. Bf1 Qa7
21. Qc2 Nxc4 22. Nxc4 Nb6 23. Bf4 Nxc4 24. Bxc4 Qc7 25. Ra1 1/2-1/2

[Event "POHÁR města Říčany 2021"]
[Site "Městské kulturní středisko U labutě"]
[Date "2021.08.26"]
[Round "7.5"]
[White "Blumel, Otto"]
[Black "Hollan, Petr"]
[Result "0-1"]
[WhiteElo "1965"]
[BlackElo "2318"]
[PlyCount "0"]
[EventDate "2021.08.21"]

1. e4 e6 2. d4 d5 3. exd5 exd5 4. Bd3 Nf6 5. Nf3 c5 6. c3 Be7 7. dxc5 Bxc5
8. Qe2+ Be7 9. O-O O-O 10. h3 Re8 11. Bg5 Nc6 12. Re1 Bd7 13. Qc2 h6 14. Be3 Rc8
15. Qb3 Qc7 16. Nbd2 a6 17. Bb6 Qb8 18. Rad1 Bf8 19. Bb1 g6 20. Nf1 Be6 21. Qa4
Nd7 22. Be3 Qc7 23. Qh4 Qd8 24. Qg3 Bg7 25. Bf4 Nf6 26. Qh4 Nh5 27. Qxd8 Rcxd8
28. Bc7 Rc8 29. Bb6 Nf6 30. a4 Nd7 31. Be3 Nf6 32. Bc2 b5 33. axb5 axb5 34. Nd4
Ra8 35. Bb1 Nxd4 36. Bxd4 Nd7 37. Bxg7 Kxg7 38. Ne3 Nf6 39. f3 Ra1 0-1

[Event "POHÁR města Říčany 2021"]
[Site "Městské kulturní středisko U labutě"]
[Date "2021.08.26"]
[Round "7.6"]
[White "Vojta, Tomas"]
[Black "Steiner, Juraj"]
[Result "1-0"]
[WhiteElo "2312"]
[BlackElo "1959"]
[PlyCount "0"]
[EventDate "2021.08.21"]

1. d4 d5 2. Bf4 Nf6 3. e3 e6 4. Nd2 Be7 5. Bd3 b6 6. Ngf3 Bb7 7. Ne5 c5 8. c3
O-O 9. Qf3 Ba6 10. Bc2 Qc8 11. g4 cxd4 12. exd4 Nc6 13. O-O-O b5 14. Rhg1 b4
15. g5 bxc3 16. gxf6 cxd2+ 17. Bxd2 g6 18. Nxc6 Qxc6 19. fxe7 Rfe8 20. Bc3 1-0

[Event "POHÁR města Říčany 2021"]
[Site "Městské kulturní středisko U labutě"]
[Date "2021.08.26"]
[Round "7.7"]
[White "Vojta, Jakub"]
[Black "Rousek, Jan"]
[Result "1-0"]
[WhiteElo "2150"]
[BlackElo "1745"]
[PlyCount "0"]
[EventDate "2021.08.21"]

1. Nf3 Nf6 2. b3 e6 3. Bb2 Be7 4. e3 b6 5. c4 Bb7 6. Be2 c5 7. O-O O-O 8. d4
cxd4 9. Nxd4 d5 10. Nc3 dxc4 11. Bxc4 Nc6 12. Nxc6 Bxc6 13. Qe2 Bc5 14. Rad1 Qe7
15. Rd2 Rad8 16. Rfd1 Rxd2 17. Qxd2 Qb7 18. Bf1 Be7 19. Nb5 Rd8 20. Qc1 Rxd1
21. Qxd1 a6 22. Nd4 Qd7 23. Be2 Bb7 24. Bf3 Bxf3 25. Qxf3 Qd5 26. Qxd5 Nxd5
27. Nc6 Bf6 28. Bxf6 gxf6 29. Kf1 Kf8 30. Ke1 Ke8 31. Kd2 a5 32. e4 Nc7 33. Nd4
Kd7 34. Kd3 Kd6 35. Kc4 Ke5 36. f3 Kf4 37. Kd3 Ke5 38. g3 Kd6 39. Kc4 Ke5
40. Ne2 f5 1-0

[Event "POHÁR města Říčany 2021"]
[Site "Městské kulturní středisko U labutě"]
[Date "2021.08.26"]
[Round "7.8"]
[White "Hajiyev, Kanan"]
[Black "Ocelak, Jakub"]
[Result "1-0"]
[WhiteElo "2124"]
[BlackElo "2102"]
[PlyCount "0"]
[EventDate "2021.08.21"]

1. d4 e6 2. c4 f5 3. Nc3 Nf6 4. Bg5 Bb4 5. Qb3 a5 6. Nf3 O-O 7. g3 b6 8. Bg2
Bb7 9. O-O Na6 10. Rad1 Qe8 11. Bxf6 Rxf6 12. a3 Bxc3 13. Qxc3 c5 14. h4 d6
15. Qe3 Qe7 16. dxc5 bxc5 17. Rd2 e5 18. Rfd1 Raf8 19. Qc3 Qc7 20. e3 Rg6
21. Nxe5 Bxg2 22. Nxg6 Bh3 23. Nxf8 Qb7 24. Rd5 1-0

[Event "POHÁR města Říčany 2021"]
[Site "Městské kulturní středisko U labutě"]
[Date "2021.08.26"]
[Round "7.9"]
[White "Svatos, Jan"]
[Black "Vavrinec, Tomas"]
[Result "1/2-1/2"]
[WhiteElo "2198"]
[BlackElo "1875"]
[PlyCount "0"]
[EventDate "2021.08.21"]

1. e4 e6 2. d3 d5 3. Nd2 Nf6 4. g3 dxe4 5. dxe4 Bc5 6. Bg2 Nc6 7. Ngf3 e5
8. O-O O-O 9. c3 a5 10. Qc2 Qe7 11. Nc4 Rd8 12. Ne3 Be6 1/2-1/2

[Event "POHÁR města Říčany 2021"]
[Site "Městské kulturní středisko U labutě"]
[Date "2021.08.26"]
[Round "7.10"]
[White "Chval, Zdenek"]
[Black "Hrdina, Robin"]
[Result "1-0"]
[WhiteElo "1846"]
[BlackElo "2192"]
[PlyCount "0"]
[EventDate "2021.08.21"]

1. e4 c5 2. Nf3 e6 3. d4 cxd4 4. Nxd4 a6 5. Nc3 Qc7 6. Bd3 Nc6 7. Nxc6 bxc6
8. O-O e5 9. Be3 Nf6 10. f4 d6 11. h3 Be7 12. Kh1 O-O 13. Qf3 Rb8 14. b3 exf4
15. Bxf4 Nd7 16. Qg3 Ne5 17. Rad1 Kh8 18. Ne2 Ng6 19. Bg5 Bxg5 20. Qxg5 Ne5
21. Nd4 f6 22. Qf4 Qa5 23. a4 Qc3 24. Nf3 a5 25. Nxe5 dxe5 26. Qd2 Qc5 27. Bc4
Bb7 28. Rf3 Qb6 29. Rd3 c5 30. Rd6 Qc7 31. Qd3 f5 32. exf5 e4 33. Qe3 Qe7
34. Qg3 Bc8 35. Be6 Bb7 36. Qe5 Qg5 37. Rd7 e3 38. Bd5 Rbe8 39. Qc3 e2 40. Re1
Rxf5 41. Bxb7 Re3 42. Qxe3 1-0